01828nam a2200409 a 4500001001000000003000500010005001700015008004100032010001100073011001100084040000900095090001000104100004500114245020100159260004100360500006000401502009600461590004100557590004000598590004000638650004400678650004100722650004100763650003400804650004100838650003800879650003800917650003100955700004400986856007001030901000701100942001001107942000601117999001901123952014001142952013601282000112135CHAP20220329144247.0151207s2015 mx a fsm |||||||spa d a108596 a109568 cCHAP aTesis1 aGalicia Cervantes, María Elena913029310aGanancia de peso en corderos y cabritos en crecimiento alimentados con dos niveles de proteina en la ración /h[En línea]cpor María Elena Galicia Cervantes y Adrián Nevárez Domínguez. aBermejillo, Dgo. :bEl autor,c2015. aPara ver el contenido del material haga clic en la liga aTesis (Ing. en Sistemas Pecuarios) -- UACH. Unidad Regional Universitaria de Zonas Áridas aE11695DGDb10c20151208lUCH01h0733 aE6096MTMb05c20151207lUCH01h1337 aE6096MTMb05c20151207lUCH01h134014aGanado cabríoxAlimentación.94499014aGanado cabríoxCrecimiento.94500014aGanado cabríoxNutrición.94503014aGanado cabríoxPeso.94503714aGanado lanarxAlimentación.94515314aGanado lanarxCrecimiento.94516614aGanado lanarxNutrición.94520514aGanado lanarxPeso.9452111 aNevárez Domínguez, Adrián9130294 aFinding aiduhttp://10.13.5.2/tesis/sist112135.pdfzTeclea aquí aBK cTESIS n0 c108596d108596 00102local4053708TESISaBCbBCcPA_TESISd2015-12-07fTESISl0oTesisp33724002513520r2019-12-31 00:00:00tc.2w2019-12-31yTESIS 00104054718TESISaBCbBCd2015-12-07fTESISl0oTesisp33724002513561r2019-12-31 00:00:00w2019-12-31yTESISzRecien adquirido